00657 2200229 4500001002100000005001700021008004100038035002400079082001100103090001800114100002100132245010600153260002600259300002500285650002400310700002000334700002300354850001500377985000600392999001400398999001500412YOGYA-0209000002790720090227024202.0 ind  0010-020900000027907 a658.83 a658.83bCon E aCONVERCE, Paul D aElements of marketingb(unsusr-unsus marketing)cPaul D. Converce, Harvey W. Huegy, Robert V Mitchell aBandungbAlumnic1968 a288 hlmbilusc21 cm aManajemen Penjualan aHuegy, Harvey W aMitchell, Robert V aYOPDYOG(B) a2 aB00009234 aB000009304